• 首页
  • 本馆介绍
  • 公告通知
  • 最新文献
  • 馆藏检索
  • 电子资源
  • 读者导购
  • 参考咨询
  • 我的图书馆
  • 登录
  • 详细信息显示
  • 放入我的书架
  • 预约/预借图书
  • 作者相关作品
  • 分类相关作品
  • 丛书相关作品
  • 出版社相关作品

书目信息

  • 表格格式
  • 工作单格式
  • 卡片格式
题名:
民事诉讼法
    
 
作者: 松冈义正 口述 ;熊元襄 , 李凤鸣 编
分册:  
出版信息: 上海   上海人民出版社  2013
页数: 228页
开本: 23cm
丛书名: 清末民国法律史料丛刊
单 册:
中图分类: D915.201
科图分类:
主题词: 民事诉讼法
电子资源:
ISBN: 978-7-208-11353-4
000 01224nam0 2200289 450
001 519
005 20140905103019.29
010    @a978-7-208-11353-4@dCNY40.00
100    @a20140603d2013 em y0chiy50 ea
101 1  @achi@cjpn
102    @aCN@b310000
105    @ay z 000yy
106    @ar
200 1  @a民事诉讼法@AMin Shi Su Song Fa@f(日)松冈义正口述@F( Ri ) Song Gang Yi Zheng Kou Shu@g熊元襄编@g李凤鸣点校
210    @a上海@c上海人民出版社@d2013
215    @a228页@d23cm
225 2  @a清末民国法律史料丛刊@i京师法律学堂笔记@f何勤华主编
300    @a国家出版基金项目
330    @a本书分为绪言和四编。绪言阐释了民诉法本质、意义、主体、手段、目的物和民事诉讼的行为等问题。第一编为总论,概述了民事诉讼法的意义、内容和效力范围。第二编介绍了诉讼关系的相关问题,如诉讼主体和诉讼要件。第三编为诉讼手续,论述了通常诉讼和特别诉讼等诸类型的各自特点与内容。第四编为执行关系,包括执行主体、要件、行为、手续等。
461  0 @12001 @a清末民国法律史料丛刊
606 0  @a民事诉讼法
690    @aD915.201@v5
701  0 @c(日)@a松冈义正@ASong Gang Yi Zheng@4口述
702  0 @a熊元襄@AXiong Yuan Xiang@4编
702  0 @a李凤鸣@ALi Feng Ming@4点校
801  0 @aCN@bTANGWEI@c20140603
905    @b0837904-06@dD915.201@e557@f3
    
    民事诉讼法/(日)松冈义正口述/熊元襄编/李凤鸣点校.-上海:上海人民出版社,2013
    228页;23cm.-(清末民国法律史料丛刊.京师法律学堂笔记/何勤华主编)
    国家出版基金项目
    
    ISBN 978-7-208-11353-4:CNY40.00
    本书分为绪言和四编。绪言阐释了民诉法本质、意义、主体、手段、目的物和民事诉讼的行为等问题。第一编为总论,概述了民事诉讼法的意义、内容和效力范围。第二编介绍了诉讼关系的相关问题,如诉讼主体和诉讼要件。第三编为诉讼手续,论述了通常诉讼和特别诉讼等诸类型的各自特点与内容。第四编为执行关系,包括执行主体、要件、行为、手续等。
●
相关链接 在E读中查询图书 在五车中查询图书 在当当中查询图书 在豆瓣中查询图书


正题名:民事诉讼法     索取号:D915.201/557         预约/预借

序号 登录号 条形码 馆藏地/架位号 状态 备注
1 0837904   208379048   第一样本阅览室/ [索取号:D915.201/557] 在馆    
2 0837905   208379057   第一借阅区/ [索取号:D915.201/557] 在馆    
3 0837906   208379066   密集书库-史法系/ [索取号:D915.201/557] 在馆    
唐山师范学院图书馆 欢迎您!
大连网信软件有限公司© 版权所有